A Bakai plébánia története

Podrobná bibliografia
Médium: Kniha
Jazyk:maďarčina
Fyzický popis:112 strán fotografie, mapy, tabuľky 21 cm
Vydavateľské údaje: Trstice Glória 2004
ISBN:8088959152
Predmet:

MARC

LEADER 00000cam a2200000 a 4500
001 vtls001482708
003 SK-MaSNL
005 20260302003006.0
008 240226s2004 xo obl grn 000 0 hun
015 |a SNBA2005/02-00493 
020 |a 8088959152  |q (brožované) 
035 |a SNK000438005 
035 |a urn:nbn:sk:snk-am3iy58 
035 |a 8966788B-48E5-4222-B77B-BA73D962C419 
035 |a urn:nbn:sk:snk-am00g5pk 
040 |a SNK  |b slo  |c SNK  |e AACR2 
041 0 |a hun 
043 |a e-xo--- 
044 |a xo  |c SK 
072 7 |a 271/279  |x Kresťanské cirkvi, sekty, denominácie  |2 konspekt 
080 |a 2-4  |2 2011 
080 |a (437.6)  |2 2011 
080 |a (048.8)  |2 2011 
080 |a 272-774  |2 2011 
245 0 2 |a A Bakai plébánia története 
260 |a Trstice  |b Glória  |c 2004 
300 |a 112 strán  |b fotografie, mapy, tabuľky  |c 21 cm 
504 |a Bibliografia na strane 91-94 
650 0 7 |a katolícke farnosti  |2 SNKPH  |9 3771 
650 0 7 |a náboženský život  |2 SNKPH  |9 1995 
651 7 |a Baka (Slovensko)  |2 SNKPHgeo  |9 92296 
655 7 |a monografie  |2 SNKPH  |9 70139 
919 |a 80-88959-15-2 
958 |a NB 
958 |a OND 
999 |c 990276  |d 992206 
952 |t P60, <03>, [BOOK], {603}, -K-  |a SNK  |b SNK  |y PREZ  |7 0  |p 17A0444658  |o snkSC 117508  |i snkKSP 12765/2004  |0 0  |1 0  |4 0  |d 2004-09-30  |f 1  |l 0  |r 2025-10-16 00:00:00  |w 2026-02-24 
952 |t P60, <04>, [BOOK], {604}  |a SNK  |b SNK  |y VYP  |7 0  |p 17A0444659  |o snkSC 117508 D1  |i snkKSP 12766/2004  |0 0  |1 0  |4 0  |d 2004-09-30  |l 0  |r 2005-01-02 00:00:00  |w 2026-02-24